Statistics for British Places by Foreign Language Names

Click here to take the quiz!

General Stats

  • This quiz has been taken 19 times
  • The average score is 16 of 24

Answer Stats

LanguageExonymPlace% Correct
FrenchÉdimbourgEdinburgh
100%
GreekGhlaskóviGlasgow
100%
FinnishLontooLondon
100%
IrishManchainManchester
100%
FrenchDouvresDover
94%
IrishLearphollLiverpool
94%
ItalianCornovagliaCornwall
83%
FrenchDévonienDevon
83%
IcelandicKantaraborgCanterbury
72%
ItalianIsole EbridiHebrides
72%
JapaneseOkkusufōdoOxford
72%
JapaneseBerufasutoBelfast
67%
IrishInbhir NisInverness
67%
IrishOileán MhanannIsle of Man
67%
ItalianIsole OrcadiOrkney Islands
67%
PortugueseIorqueYork
67%
FrenchÎles anglo-normandesChannel Islands
56%
SpanishIslas MalvinasFalkland Islands
56%
Maltesel-IskozjaScotland
56%
JapaneseWēruzuWales
56%
IrishObar DheathainAberdeen
22%
SwedishBrittiska JungfruöarnaBritish Virgin Islands
22%
TurkishCebelitarıkGibraltar
17%
SpanishIslas SorlingasScilly Isles
17%

Score Distribution

Percentile by Number Answered

Percent of People with Each Score

Your Score History

You have not taken this quiz